A Protestant theology of passion : Korean Minjung theology revisited /
Minjung Theology is introduced here through theological biographical sketches of its main representatives. They formulated a protestant liberation theology under the South Korean military dictatorship of the 1970s and 80s. Their strong emphasis on the suffering (han) of the people (minjung) led them...
المؤلف الرئيسي:
التنسيق: كتاب الكتروني
اللغة: English
منشور في:
Leiden ; Boston :
Brill,
2010.
سلاسل:
Studies in Systematic Theology
4.
Religious Studies, Theology and Philosophy E-Books Online, Collection 2010, ISBN: 9789004223103.
الموضوعات:
الوصول للمادة أونلاين: Login to view Source
الوسوم: إضافة وسم
رقم الطلب: BT83.58 .K86 2010
| LEADER | 03706nam a2200457 i 4500 | ||
|---|---|---|---|
| 001 | BRILL9789047428688 | ||
| 003 | nllekb | ||
| 005 | 20210602101515.0 | ||
| 006 | m d | ||
| 007 | cr un uuuua | ||
| 008 | 091208s2010 ne ab sb 001 0 eng | ||
| 010 | |a 2009051493 | ||
| 020 | |a 9789047428688 |q (electronic book) | ||
| 020 | |z 9789004175235 |q (print) | ||
| 024 | 7 | |a 10.1163/ej.9789004175235.i-203 |2 DOI | |
| 035 | |a (OCoLC)482620384 | ||
| 040 | |a NL-LeKB |c NL-LeKB |e rda | ||
| 043 | |a a-ko--- | ||
| 050 | 4 | |a BT83.58 |b .K86 2010 | |
| 082 | 0 | 4 | |a 230/.0464095195 |2 22 |
| 100 | 1 | |a Küster, Volker, |d 1962- | |
| 245 | 1 | 2 | |a A Protestant theology of passion : |b Korean Minjung theology revisited / |c by Volker Küster. |
| 264 | 1 | |a Leiden ; |a Boston : |b Brill, |c 2010. | |
| 300 | |a 1 online resource. | ||
| 336 | |a text |b txt |2 rdacontent | ||
| 337 | |a computer |b c |2 rdamedia | ||
| 338 | |a online resource |2 rdacarrier | ||
| 490 | 1 | |a Studies in systematic theology, |x 1876-1518 ; |v v. 4 | |
| 490 | 0 | |a Brill ebook titles | |
| 504 | |a Includes bibliographical references and index. | ||
| 505 | 0 | 0 | |t Preliminary Material / |r V. Küster -- |t Prologue: Theology In Context / |r V. Küster -- |t Chapter One. People As The Subjects Of History / |r V. Küster -- |t Chapter Two. Re-/Constructing Korean Identity The Minjung Culture Movement / |r V. Küster -- |t Chapter Three. Theology And Biography Theological Identity Re/Constructed / |r V. Küster -- |t Chapter Four. Jesus And The Minjung Ahn Byung-Mu (1922-1996) / |r V. Küster -- |t Chapter Five. A Confluence Of Two Traditions Suh Nam-Dong (1918-1984) / |r V. Küster -- |t Chapter Six. Fools For Christ's Sake Hyun Young-Hak (1921-2004) / |r V. Küster -- |t Chapter Seven. Theology As A Social Biography Of The Minjung Kim Yong-Bock (*1938) / |r V. Küster -- |t Chapter Eight. A Plea For A Survival-Liberation Centered Syncretism Chung Hyun-Kyung (*1956) / |r V. Küster -- |t Chapter Nine. Contextual Challenges Minjung Theology In Intercultural Perspective / |r V. Küster -- |t Chapter Ten. Contextual Transformations Minjung Theology Yesterday And Today / |r V. Küster -- |t Epilogue: Contextual Theologies As Open Systems / |r V. Küster -- |t Bibliography On Minjung Theology / |r V. Küster -- |t Index Of Persons / |r V. Küster -- |t Figures / |r V. Küster. |
| 506 | |a Available to subscribing member institutions only. | ||
| 520 | |a Minjung Theology is introduced here through theological biographical sketches of its main representatives. They formulated a protestant liberation theology under the South Korean military dictatorship of the 1970s and 80s. Their strong emphasis on the suffering (han) of the people (minjung) led them to the formulation of a genuine theology of the cross in Asia. Volker Küster explores the reception of Minjung Theology and raises the question what happened to it during the democratization process and the rise of globalization in the 1990s. Interpretations of art works by Minjung artists provide deep insights into these transformation processes. Prologue and epilogue abstract from the Korean case and offer a concise theory of contextual theology in an intercultural framework. | ||
| 650 | 0 | |a Minjung theology. | |
| 776 | 0 | 8 | |i Print version: |t A Protestant Theology of Passion: Korean Minjung Theology Revisited |d Leiden, Boston : BRILL, 2010, |z 9789004175235 |
| 830 | 0 | |a Studies in Systematic Theology |v 4. | |
| 830 | 0 | |a Religious Studies, Theology and Philosophy E-Books Online, Collection 2010, ISBN: 9789004223103. | |
| 856 | 4 | |z DOI: |u http://dx.doi.org/10.1163/ej.9789004175235.i-203 | |
| 942 | |c EBOOK | ||
| 952 | |0 0 |1 0 |4 0 |7 1 |9 14439 |a BRILL |b BRILL |d 2021-06-02 |l 0 |r 2021-06-02 00:00:00 |w 2021-06-02 |y EBOOK | ||
| 999 | |c 35889 |d 35889 | ||
